[Event "XXV OOM - Mistrzostwa Polski Juniorow Mlodszych - Dziewczeta do lat 12"]
[Site "Sielpia"]
[Date "1899-12-30"]
[Round "2.3"]
[White "Szopa, Emilia"]
[Black "Kulczycka, Zofia"]
[Result "1/2-1/2"]
[WhiteTitle "I+"]
[BlackTitle "II+"]
[WhiteElo "1470"]
[BlackElo "1222"]

1. e4 c5 2. Nf3 d6 3. d4 cxd4 4. Nxd4 Nf6 5. Nc3 g6 6. Be3 Bg7 7. f3 O-O 8. Qd2
Nc6 9. O-O-O d5 10. Nxc6 bxc6 11. Bh6 Qc7 12. Bxg7 Kxg7 13. exd5 Rd8 14. h4 h5
15. Ne4 Qd6 16. Nxf6 Qxf6 17. Qa5 Bb7 18. Qc7 Rab8 19. dxc6 Rdc8 20. Qd7 Bxc6
21. Qd4 e5 22. Qd6 Qf4+ 23. Qd2 Qa4 24. a3 Bb5 25. Bd3 Rc5 26. Qb4 Qxb4 27. axb4
Rd5 28. Bxb5 Rdxb5 29. b3 Rxb4 30. Rd7 a5 31. Ra7 R8b5 32. Rd1 Rxh4 33. g4 hxg4
34. Rdd7 Kh6 35. fxg4 e4 36. Rxf7 Re5 37. Rae7 Rxe7 38. Rxe7 Rxg4 39. Re5 a4 40.
bxa4 e3 41. a5 Ra4 42. Kd1 Ra2 43. c4 g5 44. Ke1 g4 45. Kf1 Kg6 46. Rxe3 1/2-1/2

[Event "XXV OOM - Mistrzostwa Polski Juniorow Mlodszych - Dziewczeta do lat 12"]
[Site "Sielpia"]
[Date "1899-12-30"]
[Round "2.4"]
[White "Palejko, Maria"]
[Black "Bar, Klaudia"]
[Result "0-1"]
[WhiteTitle "I"]
[BlackTitle "I"]
[WhiteElo "1238"]
[BlackElo "1449"]

1. e4 c5 2. Nf3 Nc6 3. d4 cxd4 4. Nxd4 g6 5. Nc3 Bg7 6. Be3 Nf6 7. Bc4 O-O 8. Bb3
d6 9. f3 Bd7 10. Qd2 Nxd4 11. Bxd4 Rc8 12. O-O a5 13. a4 Bc6 14. Kh1 Nd7 15. Bxg7
Kxg7 16. Qd4+ f6 17. Rad1 Nc5 18. Bd5 Qe8 19. Bxc6 bxc6 20. f4 h5 21. Qe3 Kh7
22. e5 Rd8 23. Rfe1 Qf7 24. exf6 exf6 25. Qe7 Kg8 26. b3 Na6 27. Na2 d5 28. h3
Rfe8 29. Qxf7+ Kxf7 30. Kh2 Re7 31. Rxe7+ Kxe7 32. g4 hxg4 33. hxg4 Rb8 34. Kg3
Nb4 35. Nxb4 Rxb4 36. Kf3 Rb6 37. Ke3 Rb4 38. Kf3 Kd6 39. Rd3 f5 40. gxf5 gxf5
41. Re3 Re4 42. Rxe4 dxe4+ 43. Ke3 Kd5 44. c3 c5 45. c4+ Ke6 46. Kf2 Kf6 47. Kg2
Kg6 48. Kg3 Kh5 49. Kh3 e3 50. Kg3 e2 51. Kf2 e1=Q+ 52. Kxe1 Kg4 53. Kf2 Kxf4
54. Ke2 Ke4 55. Kf2 f4 56. Ke2 f3+ 57. Kf2 Kf4 58. Kg1 Ke3 59. Kf1 f2 60. b4 cxb4
0-1

[Event "XXV OOM - Mistrzostwa Polski Juniorow Mlodszych - Dziewczeta do lat 12"]
[Site "Sielpia"]
[Date "1899-12-30"]
[Round "2.5"]
[White "Roszkiewicz, Zofia"]
[Black "Szewczuk, Aleksandra"]
[Result "1/2-1/2"]
[WhiteTitle "I"]
[BlackTitle "II+"]
[WhiteElo "1444"]
[BlackElo "1196"]

1. e4 c6 2. d4 d5 3. Nc3 dxe4 4. Nxe4 Bf5 5. Ng3 Bg6 6. h4 h6 7. Nf3 Nd7 8. h5
Bh7 9. Bd3 Bxd3 10. Qxd3 e6 11. Bf4 Qa5+ 12. Bd2 Bb4 13. a3 Bxd2+ 14. Qxd2 Qxd2+
15. Kxd2 Ne7 16. Rad1 O-O-O 17. Kc1 Nd5 18. Ne4 Kc7 19. Rhe1 Rhe8 20. g4 N7f6
21. Nxf6 Nxf6 22. Ne5 Re7 23. f3 Nd7 24. c3 Nxe5 25. Rxe5 Red7 26. Rde1 Rd5 27.
Rxd5 Rxd5 28. Re5 Kd6 29. Rxd5+ Kxd5 30. Kd2 e5 31. dxe5 Kxe5 32. Ke3 g5 1/2-1/2

[Event "XXV OOM - Mistrzostwa Polski Juniorow Mlodszych - Dziewczeta do lat 12"]
[Site "Sielpia"]
[Date "1899-12-30"]
[Round "2.6"]
[White "Seemann, Pola"]
[Black "Pudelko, Magdalena"]
[Result "0-1"]
[WhiteTitle "II+"]
[BlackTitle "I"]
[WhiteElo "1229"]
[BlackElo "1371"]

1. e4 c5 2. Nf3 d6 3. d4 cxd4 4. Nxd4 Nf6 5. Nc3 a6 6. f3 e5 7. Nb3 Be6 8. Be3
Be7 9. Qd2 O-O 10. O-O-O Nbd7 11. g4 b5 12. Kb1 b4 13. Nd5 Bxd5 14. exd5 a5 15.
h4 Nb6 16. Bxb6 Qxb6 17. h5 a4 18. Nc1 a3 19. b3 Qc5 20. Bc4 Rfe8 21. g5 Nd7 22.
g6 Nf6 23. gxh7+ Kh8 24. Rdg1 Nxh7 25. f4 e4 26. Rg3 Bf6 27. h6 g6 28. Ne2 Re7
29. Rh2 Rae8 30. Re3 Nf8 31. c3 bxc3 32. Nxc3 Bd4 33. Rg3 e3 34. Qe1 Qb4 35. Rc2
Rc8 36. Qe2 Bxc3 37. f5 Bd4 38. h7 Re4 39. Rg1 Rf4 40. fxg6 fxg6 41. Rf1 Rf2 42.
Rxf2 exf2 43. Qd3 Qe1+ 44. Rc1 Bb2 45. Rd1 Re8 46. Qf3 Qxd1+ 47. Qxd1 Re1 48.
Kc2 Rxd1 49. Kxd1 g5 50. Ke2 Bd4 51. Kf3 Nxh7 52. Kg4 Nf6+ 53. Kxg5 Nxd5 54. Kg4
Ne3+ 55. Kg3 Nxc4 56. bxc4 f1=Q 57. Kg4 Be5 58. Kh5 Qg2 59. Kh4 Bf6+ 60. Kh5 Qg5#
0-1

[Event "XXV OOM - Mistrzostwa Polski Juniorow Mlodszych - Dziewczeta do lat 12"]
[Site "Sielpia"]
[Date "1899-12-30"]
[Round "2.7"]
[White "Filipiak, Magdalena"]
[Black "Oborska, Magda"]
[Result "1/2-1/2"]
[WhiteTitle "I"]
[BlackTitle "I+"]
[WhiteElo "1181"]
[BlackElo "1339"]

1. e4 e5 2. Nf3 Nc6 3. d4 exd4 4. Bc4 h6 5. O-O d6 6. Nxd4 Ne5 7. Bb3 Nf6 8. Nc3
Be7 9. h3 O-O 10. f4 Ng6 11. Be3 a6 12. Qf3 c5 13. Nde2 b5 14. Bd5 Nxd5 15. Nxd5
Bb7 16. Rad1 Re8 17. Ng3 Bf8 18. Nf5 Rb8 19. Bxc5 Nh4 20. Nxh4 Qxh4 21. Bf2 Qd8
22. Rfe1 Be7 23. Qg4 Bf6 24. Bb6 Bc8 25. Bxd8 Bxg4 26. Bxf6 Bxd1 27. Rxd1 Rxe4
28. Bc3 Rb7 29. Re1 Re6 30. Kf2 Rxe1 31. Bxe1 f6 32. Bb4 Kf7 33. f5 Rd7 34. g4
Rb7 35. Ke3 Rb8 36. Kd4 Rc8 37. c3 Rc4+ 38. Kd3 Rc6 39. b3 Rc8 40. Kd4 Rc6 41.
Ba5 Rc5 42. Bb6 Rc6 43. Bc7 Ke8 44. Ba5 Kd7 45. Bb4 Ke8 46. Nf4 Kf7 47. Ne6 Kg8
48. Kd5 Rc8 49. Kxd6 Kf7 50. Kd7 Ra8 51. Bc5 a5 52. a4 bxa4 53. bxa4 Rb8 54. Bd4
Rb1 55. Nd8+ Kg8 56. Nc6 Rh1 57. Nxa5 Rxh3 58. c4 Rg3 59. c5 Rxg4 60. Bf2 Rxa4
61. Nb7 Rc4 62. c6 Kh7 63. c7 Rxc7+ 64. Kxc7 g6 65. fxg6+ Kxg6 66. Nc5 f5 67.
Kd6 Kg5 68. Ke5 h5 69. Ne6+ Kg4 70. Nf4 h4 71. Bg1 Kg5 72. Bh2 Kg4 73. Ne2 Kf3
74. Nd4+ Kg2 75. Bf4 h3 76. Nxf5 h2 77. Ne3+ Kg1 1/2-1/2

[Event "XXV OOM - Mistrzostwa Polski Juniorow Mlodszych - Dziewczeta do lat 12"]
[Site "Sielpia"]
[Date "1899-12-30"]
[Round "2.8"]
[White "Ziobrowska, Maja"]
[Black "Lazniewska, Zofia"]
[Result "0-1"]
[WhiteTitle "II+"]
[BlackTitle "I"]
[WhiteElo "1134"]
[BlackElo "1288"]

1. e4 c5 2. d4 cxd4 3. c3 dxc3 4. Nxc3 d6 5. Bc4 e6 6. Nf3 Nc6 7. O-O Nf6 8. Qe2
Be7 9. Rd1 Qc7 10. h3 a6 11. Bf4 Ne5 12. Nxe5 dxe5 13. Bg3 O-O 14. Rac1 Qb8 15.
Bb3 Bd7 16. Bh4 Bc6 17. Na4 Re8 18. Nc5 Bb5 19. Bc4 Bxc4 20. Rxc4 b6 21. Bxf6
Bxf6 22. Nd7 Qd8 23. Nxe5 Qe7 24. Nd7 Bg5 25. Nxb6 Rab8 26. Nd7 Rb7 27. Rcd4 h6
28. Qxa6 Rxb2 29. a4 Qa3 30. Qd3 Qa2 31. Qg3 Kh8 32. h4 Be7 33. Ne5 Bc5 34. Nc4
Bxd4 35. Nxb2 Qxb2 36. a5 Ra8 37. e5 Rxa5 38. Qf4 Bxf2+ 39. Qxf2 Qxf2+ 40. Kxf2
Rxe5 41. Rd7 Rf5+ 42. Kg3 Kh7 43. Kg4 Kg6 44. Kh3 Rd5 45. Rc7 Rd3+ 46. g3 Rd6
47. h5+ Kf6 48. g4 e5 49. Rc2 e4 50. Re2 Re6 51. Kh4 e3 52. g5+ hxg5+ 53. Kg3
Kf5 54. Kf3 g4+ 55. Kg3 Kg5 0-1

[Event "XXV OOM - Mistrzostwa Polski Juniorow Mlodszych - Dziewczeta do lat 12"]
[Site "Sielpia"]
[Date "1899-12-30"]
[Round "2.9"]
[White "Pastuszko, Katarzyna"]
[Black "Sprzeczka, Emilia"]
[Result "1-0"]
[WhiteTitle "I"]
[BlackTitle "II+"]
[WhiteElo "1288"]
[BlackElo "1109"]

1. e4 e5 2. Nf3 Nc6 3. Bc4 Nf6 4. d3 d6 5. c3 Bg4 6. Nbd2 Rb8 7. O-O Be7 8. Re1
O-O 9. h3 Bh5 10. Nf1 h6 11. Ng3 Bg6 12. Nh4 Bh5 13. Nxh5 Nxh5 14. Ng6 Nf6 15.
Nxf8 Qxf8 16. Be3 a6 17. Qc2 Rd8 18. Rad1 d5 19. exd5 Nxd5 20. Bc1 Bf6 21. Qe2
Qd6 22. Qg4 Nf4 23. g3 h5 24. Qf3 Nxh3+ 25. Kg2 Ng5 26. Qxh5 g6 27. Qxg6+ Bg7
28. Qxg5 Ne7 29. Rh1 Qc6+ 30. Kg1 Qc5 31. Qh5 Nd5 32. Bh6 Rd7 33. Bxg7 f6 34.
Qe8+ Kxg7 35. Qxd7+ Ne7 36. Qg4+ Ng6 37. Qh5 f5 38. Qh7+ Kf6 39. Qf7+ Kg5 40.
Be6 Qf8 41. Qxf8 Nxf8 42. Bb3 Ng6 43. Rh7 Kf6 44. Rf7+ Kg5 45. Kg2 Kh5 46. Rh1+
Kg5 47. Be6 f4 48. Rf5+ Kg4 49. Rfh5# 1-0

[Event "XXV OOM - Mistrzostwa Polski Juniorow Mlodszych - Dziewczeta do lat 12"]
[Site "Sielpia"]
[Date "1899-12-30"]
[Round "2.10"]
[White "Rojek, Paulina"]
[Black "Salamon, Julia"]
[Result "0-1"]
[WhiteTitle "I"]
[BlackTitle "I"]
[WhiteElo "1054"]
[BlackElo "1287"]

1. e4 c5 2. Nf3 e6 3. c4 Nc6 4. d4 cxd4 5. Nxd4 Nf6 6. Nc3 d6 7. f3 Be7 8. Be3
O-O 9. Rc1 a6 10. Be2 h6 11. O-O d5 12. cxd5 exd5 13. exd5 Nb4 14. Nb3 Nbxd5 15.
Nxd5 Qxd5 16. Bc4 Qd7 17. Qe2 b5 18. Rfd1 Qe8 19. Bd3 Nd5 20. Bf2 Bg5 21. Qxe8
Rxe8 22. Rc2 Nb4 23. Re2 Bb7 24. a3 Nxd3 25. Rxe8+ Rxe8 26. Rxd3 Re2 27. Bd4 Bd5
28. Nc5 Bc4 29. Rd1 a5 30. Nb7 a4 31. Nd6 Bb3 32. Rf1 Rd2 33. Be5 Be3+ 34. Kh1
Rd5 35. Bg3 f5 36. Ne8 f4 37. Nc7 Rd7 38. Nxb5 fxg3 39. hxg3 Bc4 40. Re1 Bf2 41.
Re5 Bxg3 42. Re8+ Kf7 43. Rf8+ Kxf8 44. Nc3 Rd2 45. Kg1 Rf2 46. Ne4 Rf1# 0-1

[Event "XXV OOM - Mistrzostwa Polski Juniorow Mlodszych - Dziewczeta do lat 12"]
[Site "Sielpia"]
[Date "1899-12-30"]
[Round "2.12"]
[White "Tokarz, Izabela"]
[Black "Staniewicz, Adrianna"]
[Result "0-1"]
[WhiteTitle "I"]
[BlackTitle "WCM"]
[WhiteElo "1390"]
[BlackElo "1086"]

1. d4 Nf6 2. c4 e6 3. Nc3 Bb4 4. f3 d5 5. a3 Bxc3+ 6. bxc3 Nbd7 7. e3 b6 8. Bd3
Bb7 9. Ne2 c5 10. Ng3 Rc8 11. cxd5 Nxd5 12. Bd2 cxd4 13. cxd4 Nc3 14. Qb3 Bd5
15. Qb2 Na4 16. Qb4 Bc6 17. O-O Nf6 18. Rac1 Nd5 19. Qb3 O-O 20. Kh1 Qd7 21. e4
Nf6 22. Be3 b5 23. Qb1 g6 24. e5 Nd5 25. Bf2 Nac3 26. Qb2 f5 27. Be1 Na4 28. Qd2
a6 29. f4 Ndc3 30. Bf2 Nd5 31. h3 Bb7 32. Rxc8 Rxc8 33. Ne2 Kg7 34. Kh2 Nab6 35.
Rg1 Nc4 36. Qa2 Qe7 37. a4 Nde3 38. Qb3 bxa4 39. Qxa4 Nb2 40. Qb3 Nxd3 41. Bxe3
Nb4 42. Bd2 Nd5 43. Qd3 Qd7 44. g4 fxg4 45. Rxg4 Qb5 46. Qxb5 axb5 47. Be1 b4
48. Rg3 Rc2 49. Rg2 b3 50. f5 exf5 51. e6 b2 52. Nc3 Rxg2+ 53. Kxg2 Nxc3+ 54.
Kg3 b1=Q 55. Bxc3 Kf8 56. Kf4 Qe4+ 57. Kg5 Qxe6 58. Kh6 Kg8 59. h4 f4 60. Bd2
f3 61. d5 Qxd5 62. Bg5 Qe5 0-1

[Event "XXV OOM - Mistrzostwa Polski Juniorow Mlodszych - Dziewczeta do lat 12"]
[Site "Sielpia"]
[Date "1899-12-30"]
[Round "2.13"]
[White "Grzesik, Nikola"]
[Black "Jedrzejewska, Zuzanna"]
[Result "1-0"]
[WhiteTitle "I"]
[BlackTitle "I"]
[WhiteElo "1339"]
[BlackElo "1236"]

1. e4 c5 2. Nf3 d6 3. d4 cxd4 4. Nxd4 Nf6 5. Nc3 a6 6. Be2 e5 7. Nb3 Be6 8. O-O
Be7 9. Be3 Nbd7 10. f4 Qc7 11. f5 Bc4 12. a3 O-O 13. Kh1 b5 14. Nd2 Bxe2 15. Qxe2
Nc5 16. g4 Kh8 17. g5 Nfd7 18. Qh5 h6 19. f6 Bxf6 20. gxf6 Nxf6 21. Rxf6 g6 22.
Qxh6+ Kg8 23. Rg1 Ne6 24. Rxe6 fxe6 25. Rxg6+ Kf7 26. Qg7+ Ke8 27. Qxc7 Ra7 28.
Rxe6# 1-0

[Event "XXV OOM - Mistrzostwa Polski Juniorow Mlodszych - Dziewczeta do lat 12"]
[Site "Sielpia"]
[Date "1899-12-30"]
[Round "2.14"]
[White "Krzysztynska, Maria"]
[Black "Niedorys, Karolina"]
[Result "0-1"]
[WhiteTitle "II"]
[BlackTitle "II"]
[WhiteElo "1029"]
[BlackElo "1129"]

1. e4 c6 2. d4 d5 3. e5 Bf5 4. Nd2 e6 5. c3 Qb6 6. Nb3 Nd7 7. Be3 a6 8. f4 Be4
9. Nf3 Ne7 10. Bd3 Nf5 11. Bf2 Bxd3 12. Qxd3 c5 13. Qc2 c4 14. Nbd2 Be7 15. b3
cxb3 16. axb3 g6 17. O-O O-O 18. g4 Ng7 19. b4 Rfc8 20. Qd3 Qc7 21. Rac1 b5 22.
Nh4 Qd8 23. Qh3 Qb6 24. Ndf3 Rc6 25. f5 Ne8 26. Ng2 Rac8 27. Be1 Bxb4 28. Ng5
Nf8 29. fxg6 fxg6 30. Qh6 R8c7 31. cxb4 Qxd4+ 32. Kh1 Ng7 33. Rb1 Qxg4 34. Bg3
Nf5 35. Qh3 Qxg5 36. Bf4 Qe7 37. Ne3 Qh4 38. Qxh4 Nxh4 39. Bh6 Nf5 40. Nxf5 exf5
41. Rbd1 Rd7 42. Rfe1 Ne6 43. Rd2 Rc4 44. Rb2 d4 45. Bd2 d3 46. Rb3 Rc2 47. Be3
Re2 48. Rbb1 Rxe1+ 49. Rxe1 Kf7 50. Bd2 Nc7 51. Rc1 Ke6 52. Bf4 d2 53. Bxd2 Rxd2
54. Rxc7 Kxe5 55. Rxh7 Rd4 56. Rc7 Rxb4 57. Rc6 g5 58. Rxa6 Rb2 59. Ra3 b4 60.
Rg3 g4 61. h4 Kf4 62. Rd3 b3 63. Rd4+ Kg3 64. Rd3+ Kxh4 0-1

[Event "XXV OOM - Mistrzostwa Polski Juniorow Mlodszych - Dziewczeta do lat 12"]
[Site "Sielpia"]
[Date "1899-12-30"]
[Round "2.15"]
[White "Szczotka, Klara"]
[Black "Zapalowska, Wiktoria"]
[Result "1-0"]
[WhiteTitle "I++"]
[BlackTitle "II"]
[WhiteElo "1638"]
[BlackElo "1102"]

1. e4 c5 2. Nf3 e6 3. b3 Nc6 4. Bb2 d5 5. exd5 exd5 6. Be2 Nf6 7. O-O Be7 8. d4
O-O 9. dxc5 Bxc5 10. Nc3 Be6 11. Nb5 a6 12. Nbd4 Nxd4 13. Nxd4 Rc8 14. Qd3 Qd7
15. Rac1 Rfe8 16. Rfe1 Ne4 17. Qf3 f6 18. h3 Ng5 19. Qg3 Ne4 20. Qf4 Qd6 21. Qxd6
Bxd6 22. Nxe6 Rxe6 23. Bg4 Ree8 24. Bxc8 Rxc8 25. Red1 Rd8 26. Bd4 Bf4 27. Rb1
Kf7 28. f3 Ng3 29. Kf2 Re8 30. Re1 Rd8 31. Be3 Bxe3+ 32. Rxe3 Nh5 33. Rbe1 d4
34. Re7+ Kg6 35. R1e4 d3 36. cxd3 Rxd3 37. Rxb7 Rd2+ 38. Re2 Rd3 39. g3 Rd6 40.
Ra7 Rc6 41. a4 Rd6 42. b4 Rb6 43. Rb2 f5 44. b5 axb5 45. Rxb5 Rxb5 46. axb5 Nf6
47. b6 Nd5 48. b7 Ne7 49. b8=Q Nc6 50. Qd6+ Kg5 51. Rxg7+ Kh5 52. Rxh7+ Kg5 53.
Qh6# 1-0

[Event "XXV OOM - Mistrzostwa Polski Juniorow Mlodszych - Dziewczeta do lat 12"]
[Site "Sielpia"]
[Date "1899-12-30"]
[Round "2.16"]
[White "Wiszniewska, Julia"]
[Black "Janikowska, Wiktoria"]
[Result "0-1"]
[WhiteTitle "I"]
[BlackTitle "I"]
[WhiteElo "1082"]
[BlackElo "1393"]

1. e4 c5 2. Nf3 Nc6 3. d4 cxd4 4. c3 d3 5. Bxd3 g6 6. Bf4 Bg7 7. Bc4 Nf6 8. Ng5
O-O 9. Qb3 e6 10. Bd6 Re8 11. Qd1 h6 12. h4 hxg5 13. e5 Nh5 14. Qg4 Nxe5 15. Qe2
Nf4 16. Qe4 Nxc4 17. Qxc4 Nxg2+ 18. Kd1 Nxh4 19. Nd2 Qb6 20. Kc2 Qxd6 21. Ne4
Qf4 22. Qd3 d5 23. Nd2 Qf5 0-1

[Event "XXV OOM - Mistrzostwa Polski Juniorow Mlodszych - Dziewczeta do lat 12"]
[Site "Sielpia"]
[Date "1899-12-30"]
[Round "2.17"]
[White "Slusarczyk, Anna"]
[Black "Prawucka, Zofia"]
[Result "1-0"]
[WhiteTitle "I"]
[BlackTitle "II"]
[WhiteElo "1347"]
[BlackElo "1088"]

1. d4 Nf6 2. c4 c6 3. Nc3 d5 4. Bf4 dxc4 5. e4 e6 6. Nf3 Be7 7. a3 Nbd7 8. Bxc4
Nb6 9. Bb3 O-O 10. O-O Nfd7 11. Rc1 f6 12. Bxe6+ Kh8 13. d5 cxd5 14. exd5 Nc5
15. Bxc8 Rxc8 16. d6 Bxd6 17. Qxd6 Qxd6 18. Bxd6 Rfd8 19. Rfd1 Nb3 20. Rc2 Nc4
21. Bf4 Rxd1+ 22. Nxd1 Rd8 23. Ne3 Nxe3 24. fxe3 Kg8 25. Rc7 Rd1+ 26. Kf2 Rb1
27. Rc2 Rc1 28. Rxc1 Nxc1 29. Ne1 Nb3 30. Nd3 Kf7 31. Ke2 Ke6 32. e4 Nd4+ 33.
Kd2 b6 34. Bb8 a6 35. Ba7 Nb3+ 36. Kc3 Nc5 37. Nxc5+ bxc5 38. Bxc5 Ke5 39. Kd3
Kf4 40. Bd6+ Kg5 41. b4 Kg6 42. Kd4 Kf7 43. a4 Ke8 44. a5 Kd7 45. Kd5 g6 46. b5
axb5 47. a6 Kc8 48. Kc6 b4 49. a7 b3 50. a8=Q# 1-0

[Event "XXV OOM - Mistrzostwa Polski Juniorow Mlodszych - Dziewczeta do lat 12"]
[Site "Sielpia"]
[Date "1899-12-30"]
[Round "2.18"]
[White "Nieckarz, Maja"]
[Black "Nowak, Zuzanna"]
[Result "1-0"]
[WhiteTitle "I"]
[BlackTitle "I"]
[WhiteElo "1248"]
[BlackElo "1081"]

1. e4 e5 2. Nf3 Nc6 3. d4 exd4 4. Nxd4 Bc5 5. Be3 Qf6 6. Nb5 Bxe3 7. fxe3 Qh4+
8. g3 Qxe4 9. Nxc7+ Kd8 10. Nxa8 Qxh1 11. Qd6 Nf6 12. Nd2 Qd5 13. Qc7+ Ke7 14.
O-O-O Ne8 15. Qxc8 Nb4 16. Qb8 Qc5 17. c3 Nd5 18. Qe5+ Kd8 19. e4 Qc8 20. Qxd5
Qxa8 21. Ba6 Nf6 22. Qxb7 Qxb7 23. Bxb7 Re8 24. Bd5 Ke7 25. Nc4 Kf8 26. Nd6 Re7
27. Bxf7 Nxe4 28. Nxe4 Kxf7 29. Nc5 Ke8 30. Rxd7 Rxd7 31. Nxd7 Kxd7 32. Kd2 Kd6
33. Kd3 Kd5 34. b4 Kc6 35. c4 Kd6 36. Kd4 h6 37. a3 h5 38. a4 g6 39. h4 Kd7 40.
Kd5 Ke7 41. Kc6 Ke6 42. c5 Kf5 43. Kb7 Kg4 44. c6 Kxg3 45. c7 Kxh4 46. c8=Q g5
47. Kxa7 g4 48. b5 g3 49. b6 g2 50. Qg8 Kh3 51. b7 h4 52. Qc8+ Kh2 53. b8=Q+ Kg1
54. Qh3 Kf2 55. Qb2+ Kg1 56. Qhxg2# 1-0

[Event "XXV OOM - Mistrzostwa Polski Juniorow Mlodszych - Dziewczeta do lat 12"]
[Site "Sielpia"]
[Date "1899-12-30"]
[Round "2.20"]
[White "Predkiewicz, Paulina"]
[Black "Lewicka, Joanna"]
[Result "0-1"]
[WhiteTitle "II+"]
[BlackTitle "II+"]
[WhiteElo "1056"]
[BlackElo "1189"]

1. e4 e5 2. Nf3 Nc6 3. d4 exd4 4. Nxd4 Nf6 5. Nc3 Bb4 6. Nxc6 bxc6 7. Bd3 O-O 8.
O-O d5 9. exd5 cxd5 10. Bg5 c6 11. Qf3 Be7 12. Rae1 Be6 13. a3 h6 14. Bh4 a5 15.
Nb1 a4 16. Qe3 Rb8 17. Qd4 Qa5 18. Kh1 c5 19. Qe5 Ng4 20. Qg3 Bxh4 21. Qxh4 Rxb2
22. Rxe6 fxe6 23. Qxg4 Rf6 24. c4 Rbxf2 25. Qd1 Rxf1+ 26. Bxf1 d4 27. h3 e5 28.
Bd3 Re6 29. Be4 Kf8 30. Qg4 Re7 31. Qf5+ Ke8 32. Qc8+ Kf7 33. Qf5+ Ke8 34. Bc6+
Kd8 35. Qf8+ Kc7 36. Qxe7+ Kxc6 37. Qe6+ Kb7 38. Qd7+ Qc7 39. Qxa4 e4 40. Qb5+
Qb6 41. a4 d3 42. a5 Qxb5 43. cxb5 e3 44. a6+ Kb6 45. Nc3 e2 46. Nxe2 dxe2 47.
a7 Kxa7 48. b6+ Kxb6 49. h4 e1=Q+ 50. Kh2 Qxh4+ 51. Kg1 c4 52. g3 Qxg3+ 53. Kh1
Qd3 54. Kg2 c3 55. Kf2 c2 56. Kg2 c1=R 57. Kf2 Rc2+ 58. Ke1 Qe2# 0-1

[Event "XXV OOM - Mistrzostwa Polski Juniorow Mlodszych - Dziewczeta do lat 12"]
[Site "Sielpia"]
[Date "1899-12-30"]
[Round "2.21"]
[White "Banasiak, Adrianna"]
[Black "Makarec, Anna"]
[Result "1-0"]
[WhiteTitle "II+"]
[BlackTitle "II+"]
[WhiteElo "1187"]
[BlackElo "1071"]

1. e4 e5 2. Bc4 Nf6 3. d4 Nxe4 4. dxe5 d6 5. Qd5 Be6 6. Qxb7 Bxc4 7. exd6 Nxd6
8. Qxa8 Bf1 9. Kxf1 Nb7 10. Nd2 Bc5 11. Qxb7 Qd4 12. Qe4+ Kf8 13. Qxd4 Bxd4 14.
Ngf3 Bxf2 15. Kxf2 Nc6 16. Nb3 a5 17. Nfd4 a4 18. Nxc6 axb3 19. Rd1 bxa2 20. Rd8#
1-0

[Event "XXV OOM - Mistrzostwa Polski Juniorow Mlodszych - Dziewczeta do lat 12"]
[Site "Sielpia"]
[Date "1899-12-30"]
[Round "2.22"]
[White "Pniewska, Beata"]
[Black "Grembocka, Zuzanna"]
[Result "1-0"]
[WhiteTitle "I"]
[BlackTitle "II"]
[WhiteElo "1176"]
[BlackElo "1052"]

1. e4 e5 2. Nf3 Nc6 3. Bc4 Bc5 4. d3 d6 5. O-O Bg4 6. c3 h6 7. a4 a6 8. Be3 Ba7
9. d4 Qf6 10. d5 Nce7 11. Be2 Ng6 12. Qb3 Bxe3 13. fxe3 b6 14. a5 b5 15. c4 Bd7
16. cxb5 Rb8 17. b6 Qd8 18. b7 c6 19. Bxa6 N8e7 20. Bc4 O-O 21. a6 Qc7 22. Nc3
h5 23. Qb4 Nc8 24. bxc8=Q Bxc8 25. Qa3 Qa7 26. dxc6 Qxe3+ 27. Kh1 h4 28. a7 Ra8
29. Bd5 h3 30. g3 Bg4 31. Ng1 Qd2 32. Nce2 Bxe2 33. Nxe2 Qxe2 34. Qf3 Qxb2 35.
c7 Qc2 36. Bxa8 Rxa8 37. Rac1 Qg2+ 38. Qxg2 hxg2+ 39. Kxg2 Ne7 40. Rfd1 Nc8 41.
Rb1 Rxa7 42. Rdc1 Ra2+ 43. Kh3 Ne7 44. Rb8+ Kh7 45. Re8 Ng6 46. c8=Q Nf4+ 47.
gxf4 Ra3+ 48. Kg4 f5+ 49. Qxf5+ Kh6 50. Rh8# 1-0

[Event "XXV OOM - Mistrzostwa Polski Juniorow Mlodszych - Dziewczeta do lat 12"]
[Site "Sielpia"]
[Date "1899-12-30"]
[Round "2.24"]
[White "Sliwicka, Weronika"]
[Black "Para, Aleksandra"]
[Result "1-0"]
[WhiteTitle "I"]
[BlackTitle "II+"]
[WhiteElo "1161"]
[BlackElo "1034"]

1. e4 c5 2. Nf3 d6 3. Bb5+ Nd7 4. O-O a6 5. Bxd7+ Bxd7 6. c3 Nf6 7. e5 dxe5 8.
Nxe5 e6 9. Qb3 Qc7 10. d4 cxd4 11. cxd4 b5 12. Bf4 Qd8 13. Nd2 Be7 14. Rac1 O-O
15. Ndf3 Nd5 16. Nxd7 Qxd7 17. Ne5 Qb7 18. Qf3 Rac8 19. Nd3 Qb6 20. Qg3 Nxf4 21.
Qxf4 h6 22. h4 Rcd8 23. Nc5 Bf6 24. Rfd1 Rd5 25. Nb3 Rfd8 26. Qe3 Bxh4 27. Rc5
Rxc5 28. Nxc5 Rd5 29. Qa3 a5 30. Qc3 Be7 31. Rc1 Bf6 32. Rd1 e5 33. Ne4 b4 34.
Qc8+ Kh7 35. Qf5+ Kg8 36. Qc8+ Rd8 37. Nxf6+ Qxf6 38. dxe5 Rxc8 39. exf6 gxf6
40. Rd2 Kf8 41. Kh2 Ke7 42. Kg3 Rc5 43. Kf4 h5 44. Ke3 Ke6 45. Kf3 Rf5+ 46. Kg3
Rc5 47. Re2+ Kd7 48. f4 Kd8 49. Rf2 Rf5 50. Kh4 Ke7 51. Kg3 Kd7 52. Rc2 Rd5 53.
Kf3 Rf5 54. Ke4 Rb5 55. Kd4 Rf5 56. g3 Rb5 57. Rd2 Ke6 58. Ke4 Ke7 59. f5 Re5+
60. Kf4 Rc5 61. Re2+ Kd7 62. Rd2+ Ke7 63. Rh2 Rc4+ 64. Ke3 Rc5 65. Ke4 Kd6 66.
Rd2+ Ke7 67. Rd5 Rc4+ 68. Kf3 Rc2 69. Rxa5 Rxb2 70. Ke4 Rg2 71. Ra7+ Kd8 72. Rxf7
Rxa2 73. Rxf6 Rg2 74. Kf3 Rc2 75. Rb6 Rc5 76. f6 Rc4 77. Rb8+ Kd7 78. f7 Rc3+
79. Ke4 Rc4+ 80. Kd5 Rg4 81. f8=Q Rg5+ 82. Ke4 Rg4+ 83. Kf5 Rxg3 84. Rb7+ Kc6
85. Qc8+ Kd6 86. Rd7# 1-0

[Event "XXV OOM - Mistrzostwa Polski Juniorow Mlodszych - Dziewczeta do lat 12"]
[Site "Sielpia"]
[Date "1899-12-30"]
[Round "3.1"]
[White "Pawicka, Magdalena"]
[Black "Lazniewska, Zofia"]
[Result "1/2-1/2"]
[WhiteTitle "I"]
[BlackTitle "I"]
[WhiteElo "1748"]
[BlackElo "1288"]

1. e4 e5 2. Nf3 Nc6 3. Nc3 Nf6 4. d4 exd4 5. Nxd4 Bb4 6. Nxc6 bxc6 7. Bd3 O-O 8.
O-O d5 9. exd5 cxd5 10. Bg5 c6 11. Qf3 Be7 12. h3 Be6 13. Rfe1 Rb8 14. b3 Nd7
15. Bxe7 Qxe7 16. Qg3 Nc5 17. Ne2 Nxd3 18. Qxd3 Qd7 19. Nd4 Rfe8 20. Qc3 Rbc8
21. Nxe6 Rxe6 22. Rxe6 Qxe6 23. Re1 Qd7 24. Qc5 Rc7 25. Qe3 h6 26. Qc5 Rb7 27.
a4 Rc7 28. b4 Rb7 29. c3 Rc7 30. a5 Rb7 31. Qd4 Qf5 32. Qc5 Qd7 33. Qe3 Rc7 34.
Qe8+ Qxe8 35. Rxe8+ Kh7 36. a6 Kg6 37. Rb8 Kf6 38. Rb7 Re7 39. Kf1 Ke6 40. Ke2
Kd6+ 41. Rxe7 Kxe7 42. Kd3 Kd7 43. Kd4 Kd6 1/2-1/2

[Event "XXV OOM - Mistrzostwa Polski Juniorow Mlodszych - Dziewczeta do lat 12"]
[Site "Sielpia"]
[Date "1899-12-30"]
[Round "3.2"]
[White "Siekanska, Maria"]
[Black "Pastuszko, Katarzyna"]
[Result "1-0"]
[WhiteTitle "I+"]
[BlackTitle "I"]
[WhiteElo "1509"]
[BlackElo "1288"]

1. d4 Nf6 2. c4 g6 3. Nc3 Bg7 4. e4 d6 5. Nf3 O-O 6. Be2 e5 7. O-O Re8 8. d5 Nh5
9. b4 f5 10. a4 fxe4 11. Nxe4 Bf5 12. Bd3 Nf4 13. Bc2 Nd7 14. Bb2 Nf6 15. Nfd2
Nxe4 16. Nxe4 Qh4 17. f3 Bxe4 18. fxe4 Qg5 19. g3 Rf8 20. Kh1 Nh3 21. Qe2 Bh6
22. Bc1 Rxf1+ 23. Qxf1 Qh5 24. Bxh6 Qxh6 25. Qg2 Rf8 26. Rf1 Rxf1+ 27. Qxf1 Ng5
28. c5 Qh3 29. Qxh3 Nxh3 30. Kg2 Ng5 31. Bd3 Kg7 32. Kf2 Kf6 33. Ke3 Ke7 34. Be2
h5 35. h4 Nh7 36. Kd3 a6 37. c6 1-0

[Event "XXV OOM - Mistrzostwa Polski Juniorow Mlodszych - Dziewczeta do lat 12"]
[Site "Sielpia"]
[Date "1899-12-30"]
[Round "3.3"]
[White "Bar, Klaudia"]
[Black "Salamon, Julia"]
[Result "1-0"]
[WhiteTitle "I"]
[BlackTitle "I"]
[WhiteElo "1449"]
[BlackElo "1287"]

1. e4 c5 2. Nf3 e6 3. d4 cxd4 4. Nxd4 Nf6 5. Nc3 Nc6 6. g3 Bb4 7. Bg2 d5 8. O-O
O-O 9. Bg5 Be7 10. Kh1 Kh8 11. f4 h6 12. Bxf6 Bxf6 13. e5 Be7 14. Nxc6 bxc6 15.
Qh5 Qe8 16. Rae1 f5 17. Qe2 Rb8 18. Nd1 c5 19. b3 Bd7 20. c4 d4 21. h3 Qg6 22.
Kh2 Bd8 23. Nf2 Be8 24. Nd3 Be7 25. g4 Rc8 26. Rg1 fxg4 27. hxg4 Qh7 28. Ref1
Bg6 29. Ne1 Rf7 30. Rf3 Rcf8 31. Qd2 Be4 32. Rff1 Bg6 33. Bc6 Bh4 34. Ng2 Be7
35. Bd7 Bd8 36. Bxe6 Re7 37. f5 Bf7 38. Bxf7 Rfxf7 39. Nf4 Re8 40. Ng6+ Kg8 41.
Qg2 Bc7 42. Qd5 Rd8 43. Qxc5 d3 44. Ne7+ Rxe7 45. Qxe7 g5 46. Qe6+ Kf8 47. Rd1
Rd7 48. Rg3 Re7 49. Qf6+ Rf7 50. Qe6 Re7 51. Qc8+ Re8 52. Qb7 Re7 53. f6 Rd7 54.
Qxa7 Bxe5 55. Qc5+ Bd6 56. Qc8+ 1-0